Presidents by Historical Event Quiz Stats

 Plays Quiz Updated Jun 22, 2018

Score 0/16 Timer 04:00
0 Plays Today
% Correct
Barack Obama
Cubs Win World Series after 108 Years
91.2%
George W. Bush
September 11 Attacks
88.4%
Bill Clinton
Funeral of Princess Diana
82.4%
Harry S. Truman
V-J Day in Times Square
72.3%
Thomas Jefferson
Lewis and Clark Expedition
70.3%
George H. W. Bush
Tiananmen Square Protests
67.3%
Richard Nixon
First Moon Landing
66.9%
Ronald Reagan
Space Shuttle Challenger Disaster
66.7%
% Correct
John F. Kennedy
March on Washington
65.9%
Andrew Jackson
Battle of the Alamo
62.2%
Franklin D. Roosevelt
Hindenburg Disaster
58.8%
William Howard Taft
Sinking of the RMS Titanic
58.3%
Grover Cleveland
Construction of the Eiffel Tower
57.4%
James Madison
Napoleon's Russian Campaign
55.9%
Theodore Roosevelt
Wright Brothers' First Powered Flight
55%
Lyndon B. Johnson
The Beatles on The Ed Sullivan Show
52.4%

You're not logged in!

Compare scores with friends on all Sporcle quizzes.
OR
Log In

Sporcle TV

Today on Sporcle TV


Watch our educational content, quiz creation guides, and fun videos on Sporcle TV.

Show Comments

Extras

Top Quizzes Today


Score Distribution

Your Account Isn't Verified!

In order to create a playlist on Sporcle, you need to verify the email address you used during registration. Go to your Sporcle Settings to finish the process.

Report this User

Report this user for behavior that violates our Community Guidelines.

Details: